<?xml version="1.0" encoding="UTF-8"?>
<marc:record xmlns:marc="http://www.loc.gov/MARC21/slim">
   <marc:leader>00000nam a2200000 a 4500</marc:leader>
   <marc:datafield ind1="1" ind2=" " tag="100">
      <marc:subfield code="a">Bernhard, Marianne</marc:subfield>
      <marc:subfield code="4">aut</marc:subfield>
      <marc:subfield code="e">Verfasser/-in</marc:subfield>
   </marc:datafield>
   <marc:datafield ind1=" " ind2=" " tag="653">
      <marc:subfield code="a">P2022</marc:subfield>
   </marc:datafield>
   <marc:datafield ind1="0" ind2="0" tag="245">
      <marc:subfield code="a">Die Wiener Ringstraße</marc:subfield>
   </marc:datafield>
   <marc:datafield ind1="0" ind2="0" tag="245">
      <marc:subfield code="b">Architektur und Gesellschaft 1858 bis 1906</marc:subfield>
   </marc:datafield>
   <marc:datafield ind1=" " ind2="1" tag="264">
      <marc:subfield code="b">Pustet</marc:subfield>
      <marc:subfield code="c">1992</marc:subfield>
   </marc:datafield>
   <marc:datafield ind1="1" ind2=" " tag="520">
      <marc:subfield code="a">Die Votivkirche - Die Oper - Die Ringstraßenpalais' - Das Museum für Kunst und Industrie - Denkmäler am Ring - Vom Künstlerhaus zur Secession - Das Gebäude des Musikvereins - Der Stadtpark - Die Börse - Der Brand der Komischen Oper - Kunst- und Naturgeschichte - Die neue Hofburg - Im Volksgarten - Das Rathaus - Das Parlament - Die Universität - Kaiser-Huldigungsfestzug - Die Akademie Das Burgtheater - Otto Wagner</marc:subfield>
   </marc:datafield>
   <marc:datafield ind1="3" ind2=" " tag="024">
      <marc:subfield code="a">3791713329</marc:subfield>
   </marc:datafield>
</marc:record>
